| 000 | 00000nam##2200000za#4500 |
| 001 | 9.690427 |
| 003 | CaOODSP |
| 005 | 20210624232324 |
| 007 | cr ||||||||||| |
| 008 | 150407|2007||||xxc|||||o f|0| 0 eng|d |
| 020 | |a978-0-662-47232-2 |
| 040 | |aCaOODSP|beng |
| 043 | |an-cn--- |
| 086 | 1 |aH164-59/2007-1E-PDF |
| 110 | 1 |aCanada. |bHealth Products and Food Branch. |
| 245 | 10|aPlanning for our future : |h[electronic resource]|bhighlights of the Federal Regulatory Post-Market Surveillance Strategy 2007-2012 |
| 260 | |aOttawa - Ontario : |bHealth Canada. |cc2007. |
| 300 | |a7p. |
| 590 | |a12-42-Supp|b2012-11-21 |
| 690 | 07|aHealth care products|2gcpds |
| 690 | 07|aRegulations|2gcpds |
| 775 | 08|tPlanifier l'avenir : |w(CaOODSP)9.634791 |
| 856 | 40|ahttp://publications.gc.ca|qPDF|s152 KB|uhttps://publications.gc.ca/collections/collection_2012/sc-hc/H164-59-2007-1-eng.pdf |
| 986 | |aHC Pub. : 1440 |